[Event "SR Extraliga 2017/2018"]
[Site "?"]
[Date "2018.03.04"]
[Round "11.6"]
[White "Bury, Rastislav"]
[Black "Holtman, Teodor"]
[Result "0-1"]
[WhiteElo "2153"]
[BlackElo "2192"]
[PlyCount "70"]
[EventDate "2017.??.??"]

1. d4 f5 2. Nf3 Nf6 3. g3 g6 4. Bg2 Bg7 5. O-O O-O 6. c4 d6 7. Nc3 c6 8. b3 Qc7
9. Bb2 e5 10. e3 a5 11. c5 e4 12. cxd6 Qxd6 13. Ne5 Be6 14. Na4 Qc7 15. Rc1 Re8
16. Qd2 Bf8 17. Rc2 Na6 18. Bc3 Nb4 19. Bxb4 Bxb4 20. Qc1 Bf8 21. Qb2 Nd5 22.
Nc3 Nb4 23. Rcc1 Bg7 24. a3 Bxe5 25. axb4 axb4 26. Nxe4 fxe4 27. dxe5 Bd5 28.
Qd4 Qxe5 29. Qxb4 b5 30. Rc2 Ra6 31. Rb1 Rea8 32. Bf1 Ra3 33. Rc5 Ra2 34. Rd1
Qb2 35. Qe1 Rf8 0-1

[Event "SR Extraliga 2017/2018"]
[Site "?"]
[Date "2018.03.04"]
[Round "11.7"]
[White "Jacko, Vladimir"]
[Black "Jozefek, Michal"]
[Result "1-0"]
[WhiteElo "2328"]
[BlackElo "2204"]
[PlyCount "51"]
[EventDate "2017.??.??"]

1. d4 Nf6 2. Nf3 e6 3. c4 b6 4. Bg5 Bb7 5. Nbd2 c5 6. e3 Be7 7. Bd3 cxd4 8.
exd4 O-O 9. O-O d5 10. Re1 Nc6 11. Rc1 h6 12. Be3 Rc8 13. a3 Na5 14. c5 bxc5
15. dxc5 Nc6 16. Bb5 d4 17. Bf4 Nh5 18. Bg3 Nxg3 19. hxg3 e5 20. b4 Qc7 21. Bd3
a6 22. Qe2 Bf6 23. Bxa6 d3 24. Bxd3 Nd4 25. Nxd4 exd4 26. c6 1-0

[Event "SR Extraliga 2017/2018"]
[Site "?"]
[Date "2018.03.04"]
[Round "11.8"]
[White "Spacek, Oliver"]
[Black "Sepesi, Samuel"]
[Result "1-0"]
[WhiteElo "2207"]
[BlackElo "2189"]
[PlyCount "81"]
[EventDate "2017.??.??"]

1. d4 Nf6 2. Nf3 g6 3. c4 Bg7 4. Nc3 O-O 5. g3 d6 6. Bg2 Nc6 7. d5 Na5 8. Nd2
c5 9. O-O a6 10. Qc2 Rb8 11. b3 b5 12. Bb2 Nd7 13. Nd1 Bxb2 14. Nxb2 e6 15.
dxe6 fxe6 16. Nd3 Bb7 17. f4 Bxg2 18. Kxg2 Nc6 19. e3 Nf6 20. Rad1 Ng4 21. Rf3
Qe7 22. h3 Nh6 23. g4 Nf7 24. Ne4 bxc4 25. bxc4 Nb4 26. Nxb4 Rxb4 27. g5 e5 28.
Nf6+ Kg7 29. Nd5 Qb7 30. Nxb4 cxb4 31. Rdf1 Rc8 32. h4 Rc5 33. f5 e4 34. Rf4
gxf5 35. Rxf5 Ne5 36. Qb2 Rc7 37. Rxe5 dxe5 38. Qxe5+ Kg8 39. Qe8+ Kg7 40. Qf8+
Kg6 41. Qh6# 1-0

[Event "SR 2. liga A 2016/2017"]
[Site "?"]
[Date "2017.10.28"]
[Round "1.1"]
[White "Schwarz, Dusan"]
[Black "Gasa, Patrik"]
[Result "1/2-1/2"]
[WhiteElo "2306"]
[BlackElo "2096"]
[PlyCount "93"]
[EventDate "2017.??.??"]
[WhiteTeam "SK Doprastav Bratislava A"]
[BlackTeam "SK Lowe Piestany"]

1. d4 Nf6 2. c4 g6 3. Nc3 Bg7 4. e4 d6 5. f3 O-O 6. Nge2 c6 7. Be3 a6 8. c5 b5
9. cxd6 exd6 10. Nf4 Nbd7 11. Be2 Bb7 12. O-O Rc8 13. Qd2 Re8 14. Rfd1 Qe7 15.
Bf2 h6 16. Bf1 Nf8 17. Rac1 g5 18. Nd3 Ng6 19. a4 Red8 20. axb5 axb5 21. Ra1
Ra8 22. g3 Rxa1 23. Rxa1 b4 24. Nxb4 d5 25. e5 Qxb4 26. exf6 Bxf6 27. Ra4 Qb6
28. Nd1 Bc8 29. Ne3 Be6 30. Ng4 Bxg4 31. fxg4 Rb8 32. Ra6 Qxb2 33. Qxb2 Rxb2
34. Rxc6 Kg7 35. Rd6 Ne7 36. Rd7 Kf8 37. Rd8+ Kg7 38. h3 Rd2 39. Rd7 Nc6 40.
Rxd5 Nxd4 41. Bxd4 Bxd4+ 42. Kh1 Rd1 43. Rf5 f6 44. Kg2 Rd2+ 45. Kf3 Be5 46.
Ke3 Ra2 47. Rf3 1/2-1/2

[Event "SR 2. liga A 2016/2017"]
[Site "?"]
[Date "2017.10.28"]
[Round "1.1"]
[White "Abel, Peter"]
[Black "Sahidi, Samir"]
[Result "1/2-1/2"]
[WhiteElo "2207"]
[BlackElo "2240"]
[PlyCount "82"]
[EventDate "2017.??.??"]
[WhiteTeam "SK Lowe Piestany"]
[BlackTeam "SK Doprastav Bratislava A"]

1. c4 e5 2. Nc3 Nf6 3. Nf3 Nc6 4. e3 Bb4 5. Qc2 Bxc3 6. Qxc3 Qe7 7. a3 d5 8. d4
exd4 9. Nxd4 Nxd4 10. Qxd4 c5 11. Qh4 dxc4 12. Bxc4 O-O 13. O-O Qe5 14. f3 Be6
15. Bxe6 Qxe6 16. e4 Nd7 17. Bf4 Nb6 18. Rac1 Na4 19. Qf2 c4 20. Be3 a5 21.
Rfd1 b5 22. Rd5 f5 23. Rxb5 fxe4 24. f4 Rab8 25. Rxb8 Rxb8 26. Bd4 Rd8 27. Be5
Qd5 28. Qc2 Nb6 29. Re1 Qc5+ 30. Qf2 Na4 31. h3 Qxf2+ 32. Kxf2 Nc5 33. Re2 Rd1
34. Ke3 Rd3+ 35. Kf2 Kf7 36. Bc3 Rd5 37. Ke3 a4 38. Bd4 Nb3 39. Bc3 Nc5 40. Bd4
Nb3 41. Bc3 Nc5 1/2-1/2

[Event "SR 2. liga A 2016/2017"]
[Site "?"]
[Date "2017.10.28"]
[Round "1.1"]
[White "Cech, Dominik"]
[Black "Nemsak, Denis"]
[Result "1-0"]
[WhiteElo "2114"]
[BlackElo "2039"]
[PlyCount "80"]
[EventDate "2017.??.??"]
[WhiteTeam "SK Doprastav Bratislava A"]
[BlackTeam "SK Lowe Piestany"]

1. e4 d5 2. exd5 Nf6 3. d4 Nxd5 4. c4 Nb6 5. Nc3 e5 6. dxe5 Qxd1+ 7. Nxd1 Nc6
8. Bd2 Nxe5 9. Ne3 Be6 10. b3 O-O-O 11. Be2 Nd3+ 12. Bxd3 Rxd3 13. Ne2 g5 14.
Bc3 Rg8 15. Rd1 Rxd1+ 16. Kxd1 Bc5 17. Kc1 Bxe3+ 18. fxe3 Nxc4 19. bxc4 Bxc4
20. Nd4 Bxa2 21. Nf5 Re8 22. Rd1 b6 23. Bf6 h6 24. Kb2 Re6 25. Bxg5 hxg5 26.
Kxa2 a5 27. g3 c6 28. h4 gxh4 29. gxh4 Re5 30. Rf1 Kd7 31. h5 Re8 32. Ng7 Rxe3
33. Rh1 Re2+ 34. Kb1 Ke7 35. h6 Rd2 36. h7 Rd8 37. Ne8 Rxe8 38. Re1+ Kf8 39.
Rxe8+ Kxe8 40. h8=Q+ Ke7 1-0

[Event "SR 2. liga A 2016/2017"]
[Site "?"]
[Date "2017.10.28"]
[Round "1.1"]
[White "Bincik, Pavol"]
[Black "Polacik, Igor"]
[Result "0-1"]
[WhiteElo "1952"]
[BlackElo "2204"]
[PlyCount "104"]
[EventDate "2017.??.??"]
[WhiteTeam "SK Lowe Piestany"]
[BlackTeam "SK Doprastav Bratislava A"]

1. d4 Nf6 2. c4 g6 3. Nc3 d5 4. cxd5 Nxd5 5. e4 Nxc3 6. bxc3 Bg7 7. Bc4 c5 8.
d5 Bxc3+ 9. Bd2 Qa5 10. Ne2 Bxd2+ 11. Qxd2 Qxd2+ 12. Kxd2 O-O 13. f4 Rd8 14.
Ke3 b6 15. Rab1 Ba6 16. Rhc1 Bxc4 17. Rxc4 e6 18. Nc3 exd5 19. Nxd5 Nc6 20. g4
Kg7 21. g5 Rd7 22. Nf6 Rd4 23. Rxd4 Nxd4 24. h4 h6 25. Ng4 hxg5 26. hxg5 Rh8
27. Nh6 Ne6 28. Rd1 Rd8 29. Rxd8 Nxd8 30. Ng4 Ne6 31. Nf6 Kf8 32. Nd5 Ke8 33.
Kd3 Kd7 34. Kc4 Nc7 35. Nf6+ Kc6 36. Ng4 b5+ 37. Kc3 Ne6 38. Ne5+ Kc7 39. Nxf7
Nxf4 40. Ne5 Kd6 41. Nf3 Ne6 42. a3 a6 43. Kd3 c4+ 44. Kc3 Kc5 45. Ne5 Nxg5 46.
Nxg6 Nxe4+ 47. Kc2 Kb6 48. Ne5 Ka5 49. Kb2 Nc5 50. Nf7 Ka4 51. Nd6 Nd3+ 52. Ka2
c3 0-1

[Event "SR 2. liga A 2016/2017"]
[Site "?"]
[Date "2017.10.28"]
[Round "1.1"]
[White "Petrik, Stanislav"]
[Black "Mihalik, Marek"]
[Result "1-0"]
[WhiteElo "2125"]
[BlackElo "2016"]
[PlyCount "59"]
[EventDate "2017.??.??"]
[WhiteTeam "SK Doprastav Bratislava A"]
[BlackTeam "SK Lowe Piestany"]

1. e4 c5 2. Nf3 d6 3. Bb5+ Bd7 4. Bxd7+ Nxd7 5. O-O g6 6. c3 e5 7. d4 Bg7 8.
Be3 Qc7 9. Na3 a6 10. dxe5 dxe5 11. Nc4 Nb6 12. Nxb6 Qxb6 13. b4 Qc6 14. Bxc5
b6 15. Qd6 Rc8 16. Nxe5 Qxd6 17. Bxd6 Rd8 18. Rad1 Rxd6 19. Rxd6 Bxe5 20. Rxb6
Bxc3 21. Rc1 Be5 22. Rxa6 Ne7 23. Ra8+ Kd7 24. Ra7+ Ke6 25. Ra6+ Bd6 26. e5
Kxe5 27. Re1+ Kd5 28. Rd1+ Ke5 29. Raxd6 Ra8 30. R6d2 1-0

[Event "SR 2. liga A 2016/2017"]
[Site "?"]
[Date "2017.10.28"]
[Round "1.1"]
[White "Manak, Jozef"]
[Black "Orosi, Peter"]
[Result "0-1"]
[WhiteElo "1968"]
[BlackElo "2076"]
[PlyCount "93"]
[EventDate "2017.??.??"]
[WhiteTeam "SK Lowe Piestany"]
[BlackTeam "SK Doprastav Bratislava A"]

1. d4 d5 2. Bf4 Nf6 3. e3 c5 4. c3 Nc6 5. Bd3 e6 6. Nf3 Be7 7. Ne5 Nd7 8. Nxd7
Bxd7 9. Nd2 O-O 10. Qh5 g6 11. Qf3 Re8 12. g4 Bf6 13. h3 e5 14. dxe5 Nxe5 15.
Bxe5 Bxe5 16. Qxd5 Bc6 17. Qxd8 Rexd8 18. Ke2 Bxh1 19. Rxh1 Rab8 20. f4 Bf6 21.
e4 b5 22. e5 Be7 23. h4 c4 24. Be4 Rdc8 25. a3 a5 26. h5 b4 27. axb4 axb4 28.
hxg6 hxg6 29. f5 bxc3 30. bxc3 Bg5 31. Nf3 Rb2+ 32. Kf1 Rd8 33. Nd4 Be3 34. Nc2
Rd1+ 35. Ke2 Rxh1 36. Bxh1 Rxc2+ 37. Kxe3 Rxc3+ 38. Kd4 Rh3 39. Be4 gxf5 40.
gxf5 Rh4 41. Ke3 Kf8 42. Bc2 Ke7 43. Kd2 Rh3 44. Be4 Ra3 45. Bc2 Ra5 46. Kc3
Rxe5 47. Kxc4 0-1

[Event "SR 2. liga A 2016/2017"]
[Site "?"]
[Date "2017.10.28"]
[Round "1.1"]
[White "Petrik, Karol"]
[Black "Slaba, Andrea"]
[Result "1-0"]
[WhiteElo "2067"]
[BlackElo "1836"]
[PlyCount "53"]
[EventDate "2017.??.??"]
[WhiteTeam "SK Doprastav Bratislava A"]
[BlackTeam "SK Lowe Piestany"]

1. e4 e6 2. d4 d5 3. Nd2 Nc6 4. c3 e5 5. dxe5 Nxe5 6. Ngf3 Ng6 7. exd5 Qxd5 8.
Bc4 Qd7 9. O-O Be7 10. Qb3 Nh6 11. Ne4 O-O 12. Re1 c6 13. a4 Qc7 14. h3 b6 15.
Nd4 Nf5 16. Nxf5 Bxf5 17. Ng3 Bc8 18. Qc2 Bb7 19. Qf5 Bc8 20. Qh5 Bf6 21. Ne4
Qe5 22. Bg5 Qf5 23. g4 Nf4 24. Nxf6+ gxf6 25. Bxf7+ Kh8 26. gxf5 Nxh5 27. Bh6
1-0

[Event "SR 2. liga A 2016/2017"]
[Site "?"]
[Date "2017.10.28"]
[Round "1.1"]
[White "Mihalik, Anton"]
[Black "Krajnak, Robert"]
[Result "1/2-1/2"]
[WhiteElo "1929"]
[BlackElo "2031"]
[PlyCount "54"]
[EventDate "2017.??.??"]
[WhiteTeam "SK Lowe Piestany"]
[BlackTeam "SK Doprastav Bratislava A"]

1. c4 c5 2. Nc3 b6 3. Nf3 Bb7 4. g3 Nf6 5. Bg2 e6 6. O-O Be7 7. e3 O-O 8. b3 d6
9. Bb2 Nbd7 10. d4 cxd4 11. exd4 a6 12. Re1 Re8 13. Rc1 Rc8 14. Qd3 Qc7 15. Re2
Qb8 16. Rce1 Bf8 17. Bh3 h6 18. Nd2 Qa8 19. Nde4 d5 20. cxd5 Nxd5 21. Nxd5 Bxd5
22. Nc3 Bb4 23. Rc1 Bxc3 24. Bxc3 Nf6 25. Rce1 Rc7 26. Bb2 Rec8 27. f4 Bf3
1/2-1/2

[Event "SR 2. liga A 2016/2017"]
[Site "?"]
[Date "2017.10.28"]
[Round "1.2"]
[White "Lintner, Igor"]
[Black "Kovacocy, Pavol"]
[Result "1/2-1/2"]
[WhiteElo "2149"]
[BlackElo "2243"]
[PlyCount "61"]
[EventDate "2017.??.??"]
[WhiteTeam "SK Doprastav Bratislava B"]
[BlackTeam "Lokomotiva Trnava B"]

1. e4 c5 2. Nf3 g6 3. c4 Nc6 4. d4 cxd4 5. Nxd4 Nf6 6. Nc3 d6 7. Nc2 Bg7 8. Be2
O-O 9. O-O Nd7 10. Bd2 Nc5 11. f3 a5 12. Na3 f5 13. Nab5 fxe4 14. fxe4 Rxf1+
15. Bxf1 Be6 16. Be3 Ne5 17. Nd5 Rc8 18. Nbc3 Ng4 19. Bd4 Qf8 20. Be2 Nf6 21.
Bf3 Nfd7 22. Qd2 Bxd5 23. exd5 Bxd4+ 24. Qxd4 Ne5 25. Be2 Qf6 26. Qe3 Rf8 27.
Rf1 Qh4 28. Rxf8+ Kxf8 29. g3 Qf6 30. b3 Qf5 31. Qf2 1/2-1/2

[Event "SR 2. liga A 2016/2017"]
[Site "?"]
[Date "2017.10.28"]
[Round "1.2"]
[White "Puskar, Peter"]
[Black "Bednar, Jan"]
[Result "1-0"]
[WhiteElo "2188"]
[BlackElo "2049"]
[PlyCount "79"]
[EventDate "2017.??.??"]
[WhiteTeam "Lokomotiva Trnava B"]
[BlackTeam "SK Doprastav Bratislava B"]

1. d4 Nf6 2. c4 e6 3. Nf3 b6 4. g3 Ba6 5. Qa4 c6 6. Nc3 b5 7. cxb5 cxb5 8. Qd1
b4 9. Nb1 Nc6 10. Bg2 Rc8 11. O-O Qb6 12. Re1 d5 13. Bf4 Be7 14. Nbd2 O-O 15.
Nb3 Bb5 16. Ne5 a5 17. Rc1 a4 18. Nxc6 Rxc6 19. Rxc6 Qxc6 20. Nd2 Rc8 21. e4
dxe4 22. Nxe4 Qc2 23. Bc1 Bd3 24. Nc5 Bxc5 25. dxc5 Rxc5 26. Be3 Rc8 27. Bb7
Rb8 28. Qf3 Qc7 29. Rc1 Bc2 30. Bc6 b3 31. axb3 axb3 32. Ra1 Qe5 33. Bf4 Qxb2
34. Re1 Rc8 35. Be5 Qa3 36. Bb7 Qb4 37. Rf1 Be4 38. Bxe4 Nxe4 39. Qg4 f6 40.
Qxe6+ 1-0

[Event "SR 2. liga A 2016/2017"]
[Site "?"]
[Date "2017.10.28"]
[Round "1.2"]
[White "Macka, Oto"]
[Black "Arendas, Marek"]
[Result "1-0"]
[WhiteElo "2014"]
[BlackElo "2104"]
[PlyCount "44"]
[EventDate "2017.??.??"]
[WhiteTeam "SK Doprastav Bratislava B"]
[BlackTeam "Lokomotiva Trnava B"]

1. e4 c5 2. Nf3 e6 3. b3 b6 4. Bb2 Bb7 5. Bd3 d6 6. O-O Nf6 7. e5 dxe5 8. Nxe5
Bd6 9. f4 Qc7 10. Qe2 Nc6 11. Na3 a6 12. Nac4 Be7 13. Nxc6 Bxc6 14. Ne5 Bb7 15.
a4 Rd8 16. Rae1 c4 17. Nxc4 O-O 18. Be5 Qc5+ 19. Kh1 g6 20. Bb2 Rfe8 21. Ne5
Rxd3 22. Nxd3 Nd5 1-0

[Event "SR 2. liga A 2016/2017"]
[Site "?"]
[Date "2017.10.28"]
[Round "1.2"]
[White "Puchart, Vladimir"]
[Black "Prikler, Bruno"]
[Result "1/2-1/2"]
[WhiteElo "2090"]
[BlackElo "2088"]
[PlyCount "55"]
[EventDate "2017.??.??"]
[WhiteTeam "Lokomotiva Trnava B"]
[BlackTeam "SK Doprastav Bratislava B"]

1. d4 d6 2. c4 e5 3. dxe5 dxe5 4. Qxd8+ Kxd8 5. Nc3 c6 6. f4 f6 7. Nf3 Nd7 8.
fxe5 fxe5 9. Ng5 Ke7 10. b3 Nc5 11. g3 Nf6 12. Bg2 Ne6 13. O-O Nxg5 14. Bxg5 h6
15. Be3 Kd8 16. Ne4 Be7 17. Rad1+ Kc7 18. Bc5 Bxc5+ 19. Nxc5 Bg4 20. Rd2 Rad8
21. Rfd1 Rxd2 22. Rxd2 Re8 23. Ne4 Rd8 24. Rxd8 Kxd8 25. Kf2 Nxe4+ 26. Bxe4 Ke7
27. a3 Kd6 28. Ke3 1/2-1/2

[Event "SR 2. liga A 2016/2017"]
[Site "?"]
[Date "2017.10.28"]
[Round "1.2"]
[White "Sosovicka, Jakub"]
[Black "Stetina, Erik"]
[Result "1-0"]
[WhiteElo "2001"]
[BlackElo "2005"]
[PlyCount "59"]
[EventDate "2017.??.??"]
[WhiteTeam "SK Doprastav Bratislava B"]
[BlackTeam "Lokomotiva Trnava B"]

1. e4 e5 2. Nf3 Nc6 3. Bb5 a6 4. Ba4 Nge7 5. O-O d6 6. c3 Bd7 7. d4 Ng6 8. Re1
Be7 9. Nbd2 b5 10. Bc2 h6 11. Nf1 Bg5 12. Ng3 Nf4 13. Bxf4 Bxf4 14. Nh5 O-O 15.
Nxf4 exf4 16. Qd2 g5 17. e5 Ne7 18. d5 Bf5 19. Bxf5 Nxf5 20. Qd3 Ne7 21. e6
fxe6 22. Rxe6 Nf5 23. Nd4 Ng7 24. Rxh6 Rf6 25. Qh7+ Kf7 26. Ne6 Qg8 27. Nxg5+
Ke7 28. Re1+ Kd7 29. Qxg8 Rxg8 30. Rxf6 1-0

[Event "SR 2. liga A 2016/2017"]
[Site "?"]
[Date "2017.10.28"]
[Round "1.2"]
[White "Sturdik, Igor"]
[Black "Kosnac, Patrik"]
[Result "1-0"]
[WhiteElo "1961"]
[BlackElo "1924"]
[PlyCount "89"]
[EventDate "2017.??.??"]
[WhiteTeam "Lokomotiva Trnava B"]
[BlackTeam "SK Doprastav Bratislava B"]

1. e4 e6 2. d4 d5 3. Nc3 Bb4 4. e5 c5 5. a3 Bxc3+ 6. bxc3 Ne7 7. Qg4 Nbc6 8.
Qxg7 Rg8 9. Qxh7 cxd4 10. Ne2 Qc7 11. f4 dxc3 12. Qd3 Bd7 13. Nxc3 Nf5 14. g3
Ncd4 15. Rb1 Rc8 16. Bd2 b6 17. Bg2 Qc5 18. Bh3 Qxa3 19. O-O Qc5 20. Kh1 Bc6
21. Bg2 Nxg3+ 22. hxg3 Rh8+ 23. Bh3 Rxh3+ 24. Kg2 Rh8 25. Be3 Bb5 26. Rxb5 Qxc3
27. Qxc3 Rxc3 28. Bxd4 Rxc2+ 29. Rf2 Rxf2+ 30. Kxf2 Kd7 31. Kf3 Kc6 32. Rb1 Rb8
33. Rc1+ Kd7 34. g4 a5 35. f5 exf5 36. gxf5 b5 37. Rc5 a4 38. Rxd5+ Ke8 39. Kf4
b4 40. Ra5 Rd8 41. Bc5 a3 42. Kg5 Rb8 43. Kf6 b3 44. Bxa3 Rb6+ 45. e6 1-0

[Event "SR 2. liga A 2016/2017"]
[Site "?"]
[Date "2017.10.28"]
[Round "1.2"]
[White "Gzib, David"]
[Black "Doucha, Ludvig"]
[Result "1/2-1/2"]
[WhiteElo "1889"]
[BlackElo "1893"]
[PlyCount "82"]
[EventDate "2017.??.??"]
[WhiteTeam "SK Doprastav Bratislava B"]
[BlackTeam "Lokomotiva Trnava B"]

1. e4 e5 2. Nf3 d6 3. d4 exd4 4. Bc4 Be7 5. Nxd4 Nf6 6. Nc3 O-O 7. f3 Nc6 8.
Be3 Nxd4 9. Qxd4 Be6 10. Bb3 a6 11. Qd2 b5 12. Nd5 Nxd5 13. Bxd5 Bxd5 14. Qxd5
Bf6 15. c3 Qe7 16. O-O Rfe8 17. Bd4 Qe6 18. Qc6 Qc4 19. Qxc4 bxc4 20. Bxf6 gxf6
21. Rfd1 Re5 22. Rd4 Rc5 23. Rad1 Rb8 24. R1d2 Kf8 25. Rd5 Rcb5 26. Rxb5 axb5
27. Kf2 Ke7 28. Ke3 c6 29. g4 Ke6 30. Kf4 h6 31. h3 Ra8 32. a3 Rg8 33. h4 Rg7
34. Rd1 Rg8 35. Ra1 Ra8 36. Rd1 Rg8 37. Rg1 Rh8 38. Ra1 Ra8 39. Rg1 Rh8 40. Rd1
Rg8 41. Rg1 Rh8 1/2-1/2

[Event "SR 2. liga A 2016/2017"]
[Site "?"]
[Date "2017.10.28"]
[Round "1.2"]
[White "Krist, Milan"]
[Black "Henc, Marian"]
[Result "1-0"]
[WhiteElo "1817"]
[BlackElo "1950"]
[PlyCount "79"]
[EventDate "2017.??.??"]
[WhiteTeam "Lokomotiva Trnava B"]
[BlackTeam "SK Doprastav Bratislava B"]

1. d4 Nf6 2. c4 d6 3. Nc3 g6 4. Nf3 Na6 5. e4 c5 6. d5 Bg7 7. Bd3 Bd7 8. O-O
O-O 9. Re1 Nc7 10. e5 Nfe8 11. Bf4 a6 12. Rb1 b5 13. b3 Rb8 14. Ne4 Bg4 15.
exd6 exd6 16. h3 Bxf3 17. Qxf3 f5 18. Ng5 Rf6 19. Ne6 Nxe6 20. dxe6 Qc8 21. Qd5
Qb7 22. Qxb7 Rxb7 23. cxb5 axb5 24. Rbc1 h6 25. h4 Kf8 26. a4 bxa4 27. bxa4 Ke7
28. Bb5 Nc7 29. Bxd6+ Kxd6 30. Rcd1+ Nd5 31. Bc4 Ke7 32. Bxd5 Rb4 33. Rb1 Rf8
34. Rec1 Bd4 35. Rxb4 cxb4 36. Rc7+ Kd6 37. Rd7+ Ke5 38. e7 Re8 39. Bf7 b3 40.
Bxe8 1-0

[Event "SR 2. liga A 2016/2017"]
[Site "?"]
[Date "2017.10.28"]
[Round "1.3"]
[White "Kostolansky, Sebastian Lukas"]
[Black "Takacs, Laszlo"]
[Result "1/2-1/2"]
[WhiteElo "2209"]
[BlackElo "2240"]
[PlyCount "72"]
[EventDate "2017.??.??"]
[WhiteTeam "SK Slovan Bratislava E"]
[BlackTeam "DSC Potonska veza"]

1. e4 c5 2. Nf3 e6 3. d4 cxd4 4. Nxd4 a6 5. Bd3 Qc7 6. O-O Nf6 7. Nc3 Nc6 8.
Nxc6 dxc6 9. Bg5 Be7 10. Qe2 e5 11. Nd1 Bg4 12. f3 Be6 13. Ne3 Nh5 14. Bxe7 Nf4
15. Qf2 Qxe7 16. Bc4 O-O 17. Rad1 Rad8 18. Bxe6 Qxe6 19. b3 g6 20. Qh4 Rd6 21.
Rfe1 Qd7 22. Ng4 Qd8 23. Qxd8 Rfxd8 24. Rxd6 Rxd6 25. Ne3 Rd2 26. Kf1 f6 27.
Rd1 Rxd1+ 28. Nxd1 Kf7 29. Ne3 Ke6 30. g3 Nh3 31. Nc4 Kd7 32. Ne3 Ng5 33. Ke2
Ne6 34. c3 Nc5 35. Ng4 Ke6 36. Nf2 Kd6 1/2-1/2

[Event "SR 2. liga A 2016/2017"]
[Site "?"]
[Date "2017.10.28"]
[Round "1.3"]
[White "Marosi, Csaba"]
[Black "Jancovic, Peter"]
[Result "1/2-1/2"]
[WhiteElo "2010"]
[BlackElo "2244"]
[PlyCount "41"]
[EventDate "2017.??.??"]
[WhiteTeam "DSC Potonska veza"]
[BlackTeam "SK Slovan Bratislava E"]

1. e4 c5 2. Nf3 d6 3. d4 cxd4 4. Qxd4 a6 5. c4 Nc6 6. Qd2 Nf6 7. Nc3 g6 8. b3
Bg7 9. Bb2 Qa5 10. Bd3 Bg4 11. Nd5 Qxd2+ 12. Nxd2 O-O 13. Nxf6+ Bxf6 14. Bxf6
exf6 15. f3 Be6 16. Nf1 b5 17. Ne3 Ne5 18. Ke2 bxc4 19. Bxc4 Nxc4 20. Nxc4
Bxc4+ 21. bxc4 1/2-1/2

[Event "SR 2. liga A 2016/2017"]
[Site "?"]
[Date "2017.10.28"]
[Round "1.3"]
[White "Privara, Igor"]
[Black "Darasz, Zoltan"]
[Result "1-0"]
[WhiteElo "2178"]
[BlackElo "2169"]
[PlyCount "69"]
[EventDate "2017.??.??"]
[WhiteTeam "SK Slovan Bratislava E"]
[BlackTeam "DSC Potonska veza"]

1. e4 c5 2. c3 d5 3. exd5 Qxd5 4. d4 Nc6 5. dxc5 Qxd1+ 6. Kxd1 e5 7. b4 a5 8.
Bb5 Bd7 9. Nf3 O-O-O 10. Nbd2 axb4 11. Bxc6 Bxc6 12. cxb4 Bxf3+ 13. gxf3 Ne7
14. Bb2 Nc6 15. a3 Be7 16. Kc2 Nd4+ 17. Bxd4 Rxd4 18. Ne4 f5 19. Nc3 Bh4 20.
Rhe1 Rf4 21. Rxe5 Rxf3 22. Rf1 Rf8 23. Nb5 Rxf2+ 24. Rxf2 Bxf2 25. Re7 f4 26.
Nd6+ Kb8 27. Rxb7+ Ka8 28. Kd3 Bg1 29. Rxg7 Bxh2 30. Rf7 Rxf7 31. Nxf7 f3 32.
Ke3 Bf4+ 33. Kxf3 Bc1 34. c6 Bxa3 35. c7 1-0

[Event "SR 2. liga A 2016/2017"]
[Site "?"]
[Date "2017.10.28"]
[Round "1.3"]
[White "Veselsky, Jozef"]
[Black "Nestorenko, Dmitry"]
[Result "0-1"]
[WhiteElo "2125"]
[BlackElo "2165"]
[PlyCount "56"]
[EventDate "2017.??.??"]
[WhiteTeam "DSC Potonska veza"]
[BlackTeam "SK Slovan Bratislava E"]

1. d4 f5 2. g3 Nf6 3. Bg2 e6 4. Nf3 d5 5. O-O Bd6 6. c4 c6 7. b3 Qe7 8. Bb2 O-O
9. Nbd2 b6 10. Qc2 Bb7 11. cxd5 cxd5 12. Rac1 Nc6 13. Ne5 Rac8 14. Qb1 Ne4 15.
Nxe4 fxe4 16. Nxc6 Bxc6 17. f3 Qg5 18. fxe4 Qe3+ 19. Kh1 Rxf1+ 20. Rxf1 dxe4
21. Qc1 Qxe2 22. Re1 Qh5 23. Qe3 Bd5 24. Bxe4 Rc2 25. h4 Rxb2 26. Qc3 Bxe4+ 27.
Rxe4 Qd1+ 28. Re1 Qc2 0-1

[Event "SR 2. liga A 2016/2017"]
[Site "?"]
[Date "2017.10.28"]
[Round "1.3"]
[White "Hacik, Radomir"]
[Black "Csuri, Szilveszter"]
[Result "1/2-1/2"]
[WhiteElo "2144"]
[BlackElo "1956"]
[PlyCount "54"]
[EventDate "2017.??.??"]
[WhiteTeam "SK Slovan Bratislava E"]
[BlackTeam "DSC Potonska veza"]

1. e4 e5 2. Nf3 Nc6 3. Bb5 a6 4. Ba4 Nf6 5. O-O Nxe4 6. Re1 Nc5 7. Bxc6 dxc6 8.
d4 Ne6 9. dxe5 Qxd1 10. Rxd1 Be7 11. Be3 O-O 12. Nbd2 b6 13. Nd4 Nxd4 14. Bxd4
Rd8 15. Nf1 Be6 16. Ne3 c5 17. Bc3 Bg5 18. Re1 Rd7 19. g3 Bxe3 20. Rxe3 Rad8
21. b3 Rd1+ 22. Re1 Bg4 23. f4 Rxa1 24. Rxa1 Rd1+ 25. Kf2 Rxa1 26. Bxa1 Bf5 27.
c3 Kf8 1/2-1/2

[Event "SR 2. liga A 2016/2017"]
[Site "?"]
[Date "2017.10.28"]
[Round "1.3"]
[White "Kalmar, Tamas"]
[Black "Zetocha, Adrian"]
[Result "1-0"]
[WhiteElo "2083"]
[BlackElo "1989"]
[PlyCount "119"]
[EventDate "2017.??.??"]
[WhiteTeam "DSC Potonska veza"]
[BlackTeam "SK Slovan Bratislava E"]

1. d4 d5 2. c4 e6 3. Nc3 Be7 4. Nf3 Nf6 5. Bg5 O-O 6. e3 h6 7. Bh4 Ne4 8. Bxe7
Qxe7 9. Qc2 Nxc3 10. Qxc3 Rd8 11. Rc1 c6 12. Bd3 Nd7 13. O-O dxc4 14. Bxc4 b6
15. b4 Bb7 16. Be2 a5 17. a3 axb4 18. axb4 Ra4 19. Rb1 Rda8 20. Rfc1 Nf6 21. b5
c5 22. dxc5 Ne4 23. Qe1 Nxc5 24. Ra1 Qf6 25. Rxa4 Rxa4 26. Qd1 Ra2 27. Rc2 Rxc2
28. Qxc2 Qa1+ 29. Bf1 Be4 30. Qd2 Bd3 31. Ne1 Bg6 32. Nf3 Kh7 33. h3 e5 34. Qe1
Qxe1 35. Nxe1 Bb1 36. Nf3 Nd7 37. Bc4 f6 38. Kf1 g6 39. Nd2 Bc2 40. Ke2 Nc5 41.
f4 e4 42. Nf1 Nb3 43. Nd2 Na5 44. Ke1 f5 45. g4 h5 46. gxh5 gxh5 47. h4 Kg7 48.
Be6 Kf6 49. Bd7 Bd3 50. Kd1 Bc4 51. Kc2 Bf7 52. Kc3 Nb7 53. Nc4 Bxc4 54. Kxc4
Ke7 55. Bc6 Nd6+ 56. Kd5 Nf7 57. Bb7 Kd7 58. Bc6+ Ke7 59. Kd4 Nd6 60. Ke5 1-0

[Event "SR 2. liga A 2016/2017"]
[Site "?"]
[Date "2017.10.28"]
[Round "1.3"]
[White "Cambel, Vladimir"]
[Black "Merva, Frantisek"]
[Result "1-0"]
[WhiteElo "2027"]
[BlackElo "2069"]
[PlyCount "61"]
[EventDate "2017.??.??"]
[WhiteTeam "SK Slovan Bratislava E"]
[BlackTeam "DSC Potonska veza"]

1. d4 Nf6 2. Bf4 d6 3. Nc3 Bf5 4. f3 h6 5. e4 Bh7 6. Qd2 c6 7. Bd3 Nbd7 8. Nge2
Qa5 9. a3 e6 10. b4 Qd8 11. g4 e5 12. Be3 Qc7 13. O-O Be7 14. Ng3 Rd8 15. Nf5
Bxf5 16. gxf5 Nh5 17. Ne2 exd4 18. Nxd4 Ne5 19. Be2 Nf6 20. c4 a6 21. Qc2 c5
22. Nb3 O-O 23. Rf2 cxb4 24. axb4 Rc8 25. Rc1 Rfe8 26. Rg2 Kh8 27. Qd2 Kh7 28.
Kh1 Bf8 29. Bd4 Qd8 30. Qe3 Nh5 31. f4 1-0

[Event "SR 2. liga A 2016/2017"]
[Site "?"]
[Date "2017.10.28"]
[Round "1.3"]
[White "Vegh, Vince"]
[Black "Jancovicova, Andrea"]
[Result "1-0"]
[WhiteElo "1899"]
[BlackElo "1997"]
[PlyCount "63"]
[EventDate "2017.??.??"]
[WhiteTeam "DSC Potonska veza"]
[BlackTeam "SK Slovan Bratislava E"]

1. e4 d6 2. d4 Nf6 3. Nc3 c6 4. f4 Qa5 5. Bd2 e5 6. Nd5 Qd8 7. Nxf6+ Qxf6 8.
dxe5 dxe5 9. Qf3 h5 10. h3 exf4 11. O-O-O Bg4 12. hxg4 hxg4 13. Qxg4 Rxh1 14.
Qc8+ Qd8 15. Qxb7 Nd7 16. Ba6 Rb8 17. Qxc6 Rh6 18. Qa4 Qb6 19. Bc3 Rd6 20. Bd3
f6 21. Nf3 Be7 22. e5 Rc6 23. Bg6+ Kf8 24. Rxd7 Rxc3 25. bxc3 Qe3+ 26. Rd2 Qxc3
27. Qd4 Qa3+ 28. Kd1 Bc5 29. Qd3 Qa4 30. Qd5 Rb1+ 31. Ke2 Qb5+ 32. c4 1-0